Judas - Lady Gaga (All Lyrics) - Statistics

General Stats
  • This quiz has been taken 660 times
  • The average score is 305 of 438
Answer Stats
Hint Answer % Correct
I
98%
Judas,
98%
Judas
98%
I'm
95%
in
94%
In
94%
love
94%
A
93%
a
93%
with
93%
Oh,
91%
oh
91%
oh,
91%
baby,
81%
baby
81%
to
81%
to,
81%
just
79%
Just
79%
Verse 1 When
79%
when
79%
me,
77%
me
77%
But
74%
so
74%
he
73%
Ah
72%
ah,
72%
ah
72%
Fool,
71%
it's
71%
the
71%
my
70%
Holy
69%
is
69%
you
69%
still
68%
cruel
67%
am
63%
no
63%
down,
60%
down
60%
him
60%
Jesus
60%
Gaga
59%
Gaga,
59%
I'll
59%
And
58%
demon
58%
ready
58%
cling
57%
crown,
55%
crown
55%
his
54%
king
52%
bring
51%
if
51%
virtue
51%
wanna
51%
from
48%
time
48%
wash
48%
whoa
48%
Juda-as,
47%
Juda-as
47%
away
46%
feet
46%
hair
45%
Even
43%
needs
43%
Forgive
41%
something's
41%
pulling
40%
can
39%
betrays
38%
after
37%
like
37%
sense,
37%
three
36%
times,
36%
body
35%
calls
34%
dead
34%
man
34%
or
34%
brain
32%
her
32%
most
31%
beyond
30%
Biblical
30%
lies
30%
sink
30%
tongue
30%
wear
30%
Build
29%
house
29%
I've
29%
mind
29%
next
29%
way
29%
prostitute,
28%
brick,
27%
condom
27%
couldn't
27%
cultural
27%
purely
27%
through
27%
hooker,
26%
kiss
26%
learned
26%
ear
25%
future
25%
speak
25%
tense
25%
Juda-ah-ah,
23%
vomits
23%
wench
23%
Fame
22%
goofy
21%
forgave
20%
prophets
20%
Ew
18%
offensed,
17%
repetance
10%
No matching quizzes found
Score Distribution
Percent of People with Each Score
Percentile by Number Answered
Your Score History
You have not taken this quiz